000 00569nam a2200217 a 4500
999 _c805
_d805
001 805
003 BD-JhCC
005 20221115134023.0
008 171010s1993 eng |||| ||a| 001 0 eng d
035 _a(BD-JhCC)805
040 _aBD-JhCC
_dBD-JhCC
041 _aeng
082 _a813.54
_bSHD 1993
100 _aSheldon, Sidney
245 _aThe Starts Shine Down /
_cSidney Sheldon
260 _aNew Delhi :
_bHarper collins Pubsishers,
_c1993
300 _a369 p. :
_bill. ;
_c18 cm.
650 _aEnglish Fiction
_zBangladesh
942 _2ddc
_cBK
_017